| 000 | 00821nam a22001937a 4500 | ||
|---|---|---|---|
| 999 |
_c175696 _d175696 |
||
| 005 | 20200916111333.0 | ||
| 010 | _aUR-10861 | ||
| 020 |
_c300.00 _a9789389733877 |
||
| 035 | _aU-9416 | ||
| 037 | _bDBAD/PUB | ||
| 082 | _a440.54 | ||
| 100 | _aقا ضی حبيب ا حمد ا و ر ا ما ن اللہ ا يم بی | ||
| 245 |
_aا ر د و ز با ن پر علا قا ئ ا ثر ا ت _cقا ضی حبيب ا حمد ا و ر ا ما ن اللہ ا يم بی |
||
| 246 |
_bUrdu Zuban Par Ilaqayi Asrath (Urdu) _aby Qazi Habeeb Ahmed and Dr. Amanullah M.B. |
||
| 260 |
_aN.Delhi _bEducational Publishing House _c2020 ء |
||
| 270 |
_aH.O.D1/16,Ansari Road,Darya ganj, _bN.Delhi _e110002 _k45678285,23216162 _l0091-11-23211540 |
||
| 300 |
_a234 ص _c22 Cm(Hb) |
||
| 942 |
_2ddc _cUR _h440.54 _mق ا ض |
||